| 000 | 00977nam a2200277 a 4500 | ||
|---|---|---|---|
| 001 | 2574654 | ||
| 003 | NUST-PNEC | ||
| 005 | 20170116180711.0 | ||
| 008 | 951120s1995 enka 001 0 eng d | ||
| 010 | _a 95236661 | ||
| 020 | _a0750621184 | ||
| 035 | _a(OCoLC)33598362 | ||
| 040 | _cPNEC | ||
| 042 | _alccopycat | ||
| 050 | 0 | 4 |
_aTK7867 _b.T6583 1995 |
| 082 | 0 | 0 | _a621.38153 TOO |
| 100 | 1 | _aTooley, Michael H. | |
| 245 | 1 | 0 |
_aElectronic circuits student handbook / _cMichael Tooley. |
| 260 |
_aOxford ; _aBoston : _bButterworth-Heinemann, _c1995. |
||
| 300 |
_a213 p. : _bill. ; _c25 cm. |
||
| 500 | _aIncludes index http://www.amazon.com/Electronic-Circuits-Technological-Certificates-University/dp/0750621184/ref=sr_1_1?s=books&ie=UTF8&qid=1412921921&sr=1-1&keywords=0750621184 | ||
| 650 | 0 |
_aElectronic circuits _xEL, EE |
|
| 906 |
_a7 _bcbc _ccopycat _d3 _encip _f19 _gy-gencatlg |
||
| 942 |
_2ddc _cBK |
||
| 999 |
_c60962 _d60962 |
||